Delitos aduaneros
Saved in:
| Hovedforfatter: | |
|---|---|
| Andre forfattere: | |
| Format: | Bog |
| Sprog: | spansk |
| Udgivet: |
Santiago
Jurídica de Chile
2010
|
| Udgivelse: | 1a. ed |
| Fag: | |
| Tags: |
Tilføj Tag
Ingen Tags, Vær først til at tagge denne postø!
|
MARC
| LEADER | 00000nam a2200000 a 4500 | ||
|---|---|---|---|
| 001 | UCG1073 | ||
| 003 | CL-VaPUC | ||
| 008 | 100422e20100000CL |||||||||||||||||spa|d | ||
| 020 | |a 9789561019812 | ||
| 082 | 0 | 4 | |a 343.096 |b ROD |2 21 |
| 100 | |a Rodríguez Collao, Luis Ramón |e autor |9 737987 | ||
| 700 | |a Ossandón Widow, María Magdalena |e autora |9 864069 | ||
| 245 | 1 | 0 | |a Delitos aduaneros |
| 250 | |a 1a. ed | ||
| 300 | |a 365 p | ||
| 942 | |c BK | ||
| 945 | |d 20100422 00:00:00 |a rbrito | ||
| 260 | |a Santiago |b Jurídica de Chile |c 2010 | ||
| 650 | 7 | |a DELITOS ADUANEROS |2 CL-VaPUC |9 548810 | |
| 650 | 0 | |a Derecho marítimo |9 255301 | |
| 650 | 7 | |a DELITOS CONTRA EL ESTADO |2 CL-VaPUC |9 530444 | |
| 650 | 0 | |a Delitos económicos |9 255899 | |
| 650 | 7 | |a DELITO DE CONTRABANDO |2 CL-VaPUC |9 548811 | |
| 650 | 7 | |a RECEPTACION ADUANERA |2 CL-VaPUC |9 548812 | |
| 583 | |a last modification |c 20100422 00:00:00 |k Rodrigo Vera | ||
| 999 | |c 340527 |d 340525 | ||
| 952 | |0 0 |1 0 |4 0 |6 343_096000000000000_ROD_2010 |7 0 |8 A |9 435329 |a BIBDER |b BIBDER |d 2019-11-22 |i 4663667 |o 343.096 ROD 2010 |p 4663667 |r 2023-01-25 |w 2019-11-22 |y BK |k DER | ||
| 952 | |0 0 |1 0 |4 0 |6 343_096000000000000_ROD_2010 |7 0 |8 A |9 435330 |a BIBDER |b BIBDER |d 2019-11-22 |i 4674944 |o 343.096 ROD 2010 |p 4674944 |r 2023-01-25 |w 2019-11-22 |y BK |k DER | ||
| 952 | |0 0 |1 0 |2 ddc |4 0 |5 1 |6 343_096000000000000_ROD_2010 |7 1 |8 C_LRYV |9 435331 |a FDOBRV |b BIBDER |d 2019-11-22 |i 4674952 |l 1 |o 343.096 ROD 2010 |p 4674952 |r 2023-11-15 |s 2023-11-13 |w 2019-11-22 |y BK |k BRV | ||
| 952 | |0 0 |1 0 |4 0 |6 343_096000000000000_ROD_2010 |7 0 |8 A |9 435332 |a BIBDER |b BIBDER |d 2019-11-22 |i 4674960 |o 343.096 ROD 2010 |p 4674960 |r 2023-01-25 |w 2019-11-22 |y BK |k DER | ||
| 952 | |0 0 |1 0 |4 0 |6 343_096000000000000_ROD_2010 |7 0 |8 A |9 435333 |a BIBDER |b BIBDER |d 2019-11-22 |i 4674979 |l 3 |o 343.096 ROD 2010 |p 4674979 |r 2024-06-19 |s 2024-06-12 |w 2019-11-22 |y BK |k DER | ||